|
|
|
|
| LEADER |
01088nam a2200265 a 4500 |
| 001 |
GR-MES14922 |
| 008 |
090316s2007 r 000 0 eng d |
| 020 |
|
|
|z 0-618-73133-6
|
| 040 |
|
|
|a GrPaTEI
|b gre
|c GR-PaULI
|
| 040 |
|
|
|a GrPaTEI
|b gre
|c GR-PaULI
|
| 044 |
|
|
|a ny
|
| 082 |
|
0 |
|a 332.1
|2 21
|
| 100 |
1 |
|
|a Croushore, Dean Darrell,
|d 1956-
|
| 245 |
1 |
0 |
|a Money and banking :
|b A policy-oriented approach /
|c Dean Croushore.
|
| 260 |
|
|
|a Boston :
|b Houghton Mifflin Company,
|c c2007
|
| 300 |
|
|
|a xx, 588 σ. :
|b διαγ., πίν. ;
|c 24 εκ.
|
| 500 |
|
|
|a Περιλαμβάνει ευρετήριο.
|
| 650 |
|
0 |
|a Banks and banking
|
| 650 |
|
4 |
|a Νομισματική πολιτική
|
| 650 |
|
4 |
|a Τράπεζες και τραπεζικές εργασίες
|
| 650 |
|
4 |
|a Χρήμα
|
| 942 |
|
|
|2 ddc
|
| 952 |
|
|
|0 0
|1 0
|2 ddc
|4 0
|6 332_100000000000000_CRO
|7 0
|9 272779
|a MSLG
|b MSLG
|c BSC
|d 2021-01-17
|e 24
|f 0
|g 0.00
|l 0
|o 332.1 CRO
|p 2420000023627
|r 2021-01-17 00:00:00
|t 1
|w 2021-01-17
|y BK15
|x 20090316 0 ΤΣΑΝΑΤΡΛΙΩΤΗ 1
|x GrPaTEI
|
| 971 |
|
|
|a .b25809714
|b 15-04-20
|c 13-09-16
|
| 999 |
|
|
|c 157824
|d 157824
|